|
|
|
|
| LEADER |
00000nab a2200000 a 4500 |
| 001 |
vtls000128157 |
| 003 |
SK-MaSNL |
| 005 |
20260303180142.0 |
| 008 |
150430c1982 xo 0 slo |
| 015 |
|
|
|a SNBRB19rr/mm-uuuuu
|
| 035 |
|
|
|a CL0138262
|
| 040 |
|
|
|a SNKBUCL
|b slo
|c SNKBUCL
|e AACR2
|
| 041 |
0 |
|
|a slo
|
| 044 |
|
|
|a xo
|c SK
|
| 080 |
|
|
|a 885.4-2
|2 1981
|
| 080 |
|
|
|a 882-3
|2 1981
|
| 100 |
1 |
|
|a Iľf, Iľja,
|d 1897-1937
|4 aut
|9 99054
|
| 245 |
1 |
0 |
|a Veľký kombinátor Ostap Bender
|b Hra-vízia v jednej časti
|c Iľf-Petrov, Anton Kret
|
| 650 |
0 |
7 |
|a sovietska literatúra
|2 snkbucl
|9 22300
|
| 650 |
0 |
7 |
|a dramatizácie divadelné
|2 snkbucl
|9 1013298
|
| 655 |
|
7 |
|a články z odboru literárna veda a krásna literatúra
|2 snkbucl
|9 770045
|
| 700 |
1 |
|
|a Kret, Anton,
|d 1930-2019
|4 aut
|9 102081
|
| 700 |
1 |
|
|a Petrov, Jevgenij,
|d 1903-1942
|4 aut
|9 99055
|
| 850 |
|
|
|a Slovenská národná knižnica v Martine
|a MTA001
|
| 852 |
|
|
|a SNK
|b KIS3GCP
|
| 958 |
|
|
|a RK
|
| 958 |
|
|
|a LX
|
| 958 |
|
|
|a SK
|
| 999 |
|
|
|c 2104992
|d 2106922
|